<?xml version="1.0" encoding="UTF-8"?>
<record
    xmlns:xsi="http://www.w3.org/2001/XMLSchema-instance"
    xsi:schemaLocation="http://www.loc.gov/MARC21/slim http://www.loc.gov/standards/marcxml/schema/MARC21slim.xsd"
    xmlns="http://www.loc.gov/MARC21/slim">

  <leader>00471nam a22001817a 4500</leader>
  <datafield tag="999" ind1=" " ind2=" ">
    <subfield code="c">11167</subfield>
    <subfield code="d">11167</subfield>
  </datafield>
  <controlfield tag="003">OSt</controlfield>
  <controlfield tag="008">220418b           ||||| |||| 00| 0 eng d</controlfield>
  <datafield tag="020" ind1=" " ind2=" ">
    <subfield code="a">9788131526354</subfield>
  </datafield>
  <datafield tag="082" ind1=" " ind2=" ">
    <subfield code="a">491.423 ABG</subfield>
  </datafield>
  <datafield tag="100" ind1=" " ind2=" ">
    <subfield code="a">ABRAMS, M.H.</subfield>
  </datafield>
  <datafield tag="245" ind1=" " ind2=" ">
    <subfield code="a">Glossary of Literary Terms</subfield>
  </datafield>
  <datafield tag="250" ind1=" " ind2=" ">
    <subfield code="a">11th Edition</subfield>
  </datafield>
  <datafield tag="260" ind1=" " ind2=" ">
    <subfield code="a">Delhi</subfield>
    <subfield code="b">Cengage Learning India Ltd.</subfield>
    <subfield code="c">2021</subfield>
  </datafield>
  <datafield tag="300" ind1=" " ind2=" ">
    <subfield code="a">430</subfield>
  </datafield>
  <datafield tag="650" ind1=" " ind2=" ">
    <subfield code="a">Glossary of Literary Terms </subfield>
  </datafield>
  <datafield tag="700" ind1=" " ind2=" ">
    <subfield code="a">HARPHAM, Geoffrey. Galt</subfield>
  </datafield>
  <datafield tag="942" ind1=" " ind2=" ">
    <subfield code="2">ddc</subfield>
    <subfield code="c">BK</subfield>
    <subfield code="0">1</subfield>
  </datafield>
  <datafield tag="952" ind1=" " ind2=" ">
    <subfield code="0">0</subfield>
    <subfield code="1">0</subfield>
    <subfield code="2">ddc</subfield>
    <subfield code="4">0</subfield>
    <subfield code="7">0</subfield>
    <subfield code="8">BAHONSENG</subfield>
    <subfield code="a">PIETNCR</subfield>
    <subfield code="b">PIETNCR</subfield>
    <subfield code="d">2022-04-18</subfield>
    <subfield code="e">Kirti Prakashan</subfield>
    <subfield code="f">Indian Rup</subfield>
    <subfield code="g">299.00</subfield>
    <subfield code="k">IN61</subfield>
    <subfield code="l">1</subfield>
    <subfield code="o">491.423 ABG</subfield>
    <subfield code="p">N2432</subfield>
    <subfield code="r">2023-10-17 00:00:00</subfield>
    <subfield code="s">2023-10-04</subfield>
    <subfield code="v">209.30</subfield>
    <subfield code="w">2022-04-09</subfield>
    <subfield code="y">BK</subfield>
  </datafield>
  <datafield tag="952" ind1=" " ind2=" ">
    <subfield code="0">0</subfield>
    <subfield code="1">0</subfield>
    <subfield code="2">ddc</subfield>
    <subfield code="4">0</subfield>
    <subfield code="7">0</subfield>
    <subfield code="8">BAHONSENG</subfield>
    <subfield code="a">PIETNCR</subfield>
    <subfield code="b">PIETNCR</subfield>
    <subfield code="d">2022-04-18</subfield>
    <subfield code="e">Kirti Prakashan</subfield>
    <subfield code="f">Indian Rup</subfield>
    <subfield code="g">299.00</subfield>
    <subfield code="k">IN61</subfield>
    <subfield code="l">2</subfield>
    <subfield code="o">491.423 ABG</subfield>
    <subfield code="p">N2433</subfield>
    <subfield code="r">2024-03-12 00:00:00</subfield>
    <subfield code="s">2024-02-28</subfield>
    <subfield code="v">209.30</subfield>
    <subfield code="w">2022-04-09</subfield>
    <subfield code="y">BK</subfield>
  </datafield>
  <datafield tag="952" ind1=" " ind2=" ">
    <subfield code="0">0</subfield>
    <subfield code="1">0</subfield>
    <subfield code="2">ddc</subfield>
    <subfield code="4">0</subfield>
    <subfield code="7">0</subfield>
    <subfield code="8">BAHONSENG</subfield>
    <subfield code="a">PIETNCR</subfield>
    <subfield code="b">PIETNCR</subfield>
    <subfield code="d">2022-04-18</subfield>
    <subfield code="e">Kirti Prakashan</subfield>
    <subfield code="f">Indian Rup</subfield>
    <subfield code="g">299.00</subfield>
    <subfield code="k">IN61</subfield>
    <subfield code="l">0</subfield>
    <subfield code="o">491.423 ABG</subfield>
    <subfield code="p">N2434</subfield>
    <subfield code="r">2022-04-18 00:00:00</subfield>
    <subfield code="v">209.30</subfield>
    <subfield code="w">2022-04-09</subfield>
    <subfield code="y">BK</subfield>
  </datafield>
  <datafield tag="952" ind1=" " ind2=" ">
    <subfield code="0">0</subfield>
    <subfield code="1">0</subfield>
    <subfield code="2">ddc</subfield>
    <subfield code="4">0</subfield>
    <subfield code="7">0</subfield>
    <subfield code="8">BAHONSENG</subfield>
    <subfield code="a">PIETNCR</subfield>
    <subfield code="b">PIETNCR</subfield>
    <subfield code="d">2022-04-18</subfield>
    <subfield code="e">Kirti Prakashan</subfield>
    <subfield code="f">Indian Rup</subfield>
    <subfield code="g">299.00</subfield>
    <subfield code="k">IN61</subfield>
    <subfield code="l">2</subfield>
    <subfield code="o">491.423 ABG</subfield>
    <subfield code="p">N2435</subfield>
    <subfield code="r">2024-02-28 00:00:00</subfield>
    <subfield code="s">2024-02-23</subfield>
    <subfield code="v">209.30</subfield>
    <subfield code="w">2022-04-09</subfield>
    <subfield code="y">BK</subfield>
  </datafield>
  <datafield tag="952" ind1=" " ind2=" ">
    <subfield code="0">0</subfield>
    <subfield code="1">0</subfield>
    <subfield code="2">ddc</subfield>
    <subfield code="4">0</subfield>
    <subfield code="7">0</subfield>
    <subfield code="8">BAHONSENG</subfield>
    <subfield code="a">PIETNCR</subfield>
    <subfield code="b">PIETNCR</subfield>
    <subfield code="d">2022-04-18</subfield>
    <subfield code="e">Kirti Prakashan</subfield>
    <subfield code="f">Indian Rup</subfield>
    <subfield code="g">299.00</subfield>
    <subfield code="k">IN61</subfield>
    <subfield code="l">5</subfield>
    <subfield code="o">491.423 ABG</subfield>
    <subfield code="p">N2436</subfield>
    <subfield code="r">2024-03-18 00:00:00</subfield>
    <subfield code="s">2024-03-05</subfield>
    <subfield code="v">209.30</subfield>
    <subfield code="w">2022-04-09</subfield>
    <subfield code="y">BK</subfield>
  </datafield>
  <datafield tag="952" ind1=" " ind2=" ">
    <subfield code="0">0</subfield>
    <subfield code="1">0</subfield>
    <subfield code="2">ddc</subfield>
    <subfield code="4">0</subfield>
    <subfield code="7">0</subfield>
    <subfield code="8">BAHONSENG</subfield>
    <subfield code="a">PIETNCR</subfield>
    <subfield code="b">PIETNCR</subfield>
    <subfield code="d">2022-04-18</subfield>
    <subfield code="e">Kirti Prakashan</subfield>
    <subfield code="f">Indian Rup</subfield>
    <subfield code="g">299.00</subfield>
    <subfield code="k">IN61</subfield>
    <subfield code="l">1</subfield>
    <subfield code="o">491.423 ABG</subfield>
    <subfield code="p">N2437</subfield>
    <subfield code="r">2024-02-22 00:00:00</subfield>
    <subfield code="s">2024-02-07</subfield>
    <subfield code="v">209.30</subfield>
    <subfield code="w">2022-04-09</subfield>
    <subfield code="y">BK</subfield>
  </datafield>
  <datafield tag="952" ind1=" " ind2=" ">
    <subfield code="0">0</subfield>
    <subfield code="1">0</subfield>
    <subfield code="2">ddc</subfield>
    <subfield code="4">0</subfield>
    <subfield code="7">0</subfield>
    <subfield code="8">BAHONSENG</subfield>
    <subfield code="a">PIETNCR</subfield>
    <subfield code="b">PIETNCR</subfield>
    <subfield code="d">2022-04-18</subfield>
    <subfield code="e">Kirti Prakashan</subfield>
    <subfield code="f">Indian Rup</subfield>
    <subfield code="g">299.00</subfield>
    <subfield code="k">IN61</subfield>
    <subfield code="l">1</subfield>
    <subfield code="o">491.423 ABG</subfield>
    <subfield code="p">N2438</subfield>
    <subfield code="r">2024-03-18 00:00:00</subfield>
    <subfield code="s">2024-02-28</subfield>
    <subfield code="v">209.30</subfield>
    <subfield code="w">2022-04-09</subfield>
    <subfield code="y">BK</subfield>
  </datafield>
  <datafield tag="952" ind1=" " ind2=" ">
    <subfield code="0">0</subfield>
    <subfield code="1">0</subfield>
    <subfield code="2">ddc</subfield>
    <subfield code="4">0</subfield>
    <subfield code="7">0</subfield>
    <subfield code="8">BAHONSENG</subfield>
    <subfield code="a">PIETNCR</subfield>
    <subfield code="b">PIETNCR</subfield>
    <subfield code="d">2022-04-18</subfield>
    <subfield code="e">Kirti Prakashan</subfield>
    <subfield code="f">Indian Rup</subfield>
    <subfield code="g">299.00</subfield>
    <subfield code="k">IN61</subfield>
    <subfield code="l">1</subfield>
    <subfield code="o">491.423 ABG</subfield>
    <subfield code="p">N2439</subfield>
    <subfield code="r">2023-10-30 00:00:00</subfield>
    <subfield code="s">2023-10-18</subfield>
    <subfield code="v">209.30</subfield>
    <subfield code="w">2022-04-09</subfield>
    <subfield code="y">BK</subfield>
  </datafield>
</record>
